The Last of Us - Sidearm and Longarm Weapons - Statistics

General Stats
  • This quiz has been taken 105 times
  • The average score is 7 of 10
Answer Stats
Picture Answer % Correct
Revolver
91%
Shotgun
91%
9mm Pistol
90%
Bow
89%
Sniper Rifle
88%
Flame Thrower
75%
Assault Rifle
71%
Hunting Rifle
55%
El Diablo
46%
Shorty
40%
No matching quizzes found
Score Distribution
Percent of People with Each Score
Percentile by Number Answered
Your Score History
You have not taken this quiz